[Event "CZE-chTE U20 1314"]
[Site "Czech Republic"]
[Date "2013.12.07"]
[Round "5.3"]
[White "Kanakova, Natalie"]
[Black "Foucek, Simon"]
[Result "1-0"]
[WhiteElo "1909"]
[BlackElo "1593"]
[PlyCount "53"]
[EventDate "2013.10.12"]
[EventType "team-tourn"]
[EventRounds "11"]
[EventCountry "CZE"]
[SourceTitle "EXT 2015"]
[Source "ChessBase"]
[SourceDate "2014.11.20"]
[SourceVersion "1"]
[SourceVersionDate "2014.11.20"]
[SourceQuality "1"]
[WhiteTeam "Frydek Mistek (U20)"]
[BlackTeam "Brno Lokomotiva (U20)"]
[WhiteTeamCountry "CZE"]
[BlackTeamCountry "CZE"]

1. e4 c5 2. Nf3 e6 3. d4 cxd4 4. Nxd4 a6 5. Nc3 Qc7 6. Bd3 Nf6 7. 0-0 d6 8. f4 Nbd7 9. Qe1 b5 10. Nf3 Bb7 11. e5 dxe5 12. fxe5 Nd5 13. Nxd5 Bxd5 14. Bf4 h6 15. c3 g5 16. Bg3 Bg7 17. Qf2 0-0 18. Rae1 Bxa2 19. Nd4 Bd5 20. Nf5 exf5 21. Qxf5 Rfe8 22. Qh7+ Kf8 23. e6 Qa7+ 24. Bf2 Nb6 25. Bc5+ Re7 26. Rxf7+ Ke8 27. Qg8+ 1-0

[Event "CZE-chTE U20 1314"]
[Site "Czech Republic"]
[Date "2013.10.13"]
[Round "4.3"]
[White "Foucek, Simon"]
[Black "Danek, Daniel"]
[Result "0-1"]
[WhiteElo "1593"]
[BlackElo "1827"]
[PlyCount "162"]
[EventDate "2013.10.12"]
[EventType "team-tourn"]
[EventRounds "11"]
[EventCountry "CZE"]
[SourceTitle "EXT 2015"]
[Source "ChessBase"]
[SourceDate "2014.11.20"]
[SourceVersion "1"]
[SourceVersionDate "2014.11.20"]
[SourceQuality "1"]
[WhiteTeam "Brno Lokomotiva (U20)"]
[BlackTeam "Brno Duras (U20)"]
[WhiteTeamCountry "CZE"]
[BlackTeamCountry "CZE"]

1. e4 c6 2. d4 d5 3. exd5 cxd5 4. c4 Nf6 5. Nc3 e6 6. Nf3 Bb4 7. Bd2 0-0 8. a3 Bxc3 9. Bxc3 Nc6 10. Be2 b6 11. 0-0 Bb7 12. Rc1 Rc8 13. Qb3 Ne7 14. c5 Ng6 15. cxb6 Qxb6 16. Qxb6 axb6 17. Bb4 Rfd8 18. Bb5 Ne4 19. g3 f6 20. Rfe1 Kf7 21. Nd2 Ne7 22. f4 Nf5 23. Nf3 Nfd6 24. Bd3 g6 25. Kg2 Nc4 26. b3 Na5 27. Bxa5 bxa5 28. Kf1 Ke7 29. b4 axb4 30. axb4 Kd6 31. Kg1 Ra8 32. Ra1 Rdc8 33. Kf1 Rxa1 34. Rxa1 Rc3 35. Ke2 Rb3 36. b5 Rb2+ 37. Ke3 Nc3 38. Rc1 Nxb5 39. Rb1 Rxb1 40. Bxb1 Na3 41. Bd3 Nc4+ 42. Ke2 Ba6 43. Nd2 Nxd2 44. Bxa6 Ne4 45. Bd3 e5 46. fxe5+ fxe5 47. Ke3 Ng5 48. Be2 exd4+ 49. Kxd4 Ne6+ 50. Kd3 Ke5 51. Bf1 Nc5+ 52. Kd2 Ne4+ 53. Ke3 d4+ 54. Kd3 Nf2+ 55. Kd2 h5 56. Bg2 Ng4 57. h3 Ne3 58. Bb7 Nf5 59. g4 hxg4 60. hxg4 Ne3 61. Bc8 g5 62. Kd3 Kd5 63. Bb7+ Ke5 64. Bc8 Nd5 65. Bb7 Nf4+ 66. Kd2 Ne6 67. Bc8 Nc5 68. Bf5 Kf4 69. Bc8 d3 70. Bf5 Kf3 71. Bc8 Ke4 72. Bf5+ Kd4 73. Bh7 Nb3+ 74. Kd1 Ke3 75. Bf5 d2 76. Bd3 Nd4 77. Bf1 Ne6 78. Bd3 Nf4 79. Bc2 Nd5 80. Bb3 Nc3+ 81. Kc2 d1Q+ 0-1

[Event "Klatovy op-B"]
[Site "Klatovy"]
[Date "2013.07.06"]
[Round "8"]
[White "Santora, Ladislav"]
[Black "Foucek, Simon"]
[Result "1-0"]
[WhiteElo "1855"]
[BlackElo "1615"]
[PlyCount "49"]
[EventDate "2013.06.29"]
[EventType "swiss"]
[EventRounds "9"]
[EventCountry "CZE"]
[SourceTitle "EXT 2014"]
[Source "ChessBase"]
[SourceDate "2013.11.20"]
[SourceVersion "1"]
[SourceVersionDate "2013.11.20"]
[SourceQuality "1"]

1. d4 c5 2. c3 e6 3. Nf3 Nf6 4. Bf4 Nc6 5. e3 d5 6. Nbd2 a6 7. Bd3 c4 8. Bc2 b5 9. e4 Be7 10. Ne5 Nxe5 11. dxe5 Nd7 12. exd5 exd5 13. Qf3 Nc5 14. Qg3 g6 15. Be3 Ne6 16. Nf3 b4 17. Ba4+ Bd7 18. Bxd7+ Qxd7 19. 0-0 bxc3 20. bxc3 Nc5 21. Bd4 Ne4 22. Qf4 Qe6 23. Rab1 Bc5 24. Ng5 Qe7 25. Nxe4 1-0

[Event "CZE-chTA U20 1213"]
[Site "Czech Republic"]
[Date "2013.04.14"]
[Round "11.6"]
[White "Zateckova, Karolina"]
[Black "Foucek, Simon"]
[Result "1/2-1/2"]
[WhiteElo "1458"]
[BlackElo "1575"]
[PlyCount "79"]
[EventDate "2012.10.06"]
[EventType "team-tourn"]
[EventRounds "11"]
[EventCountry "CZE"]
[SourceTitle "EXT 2015"]
[Source "ChessBase"]
[SourceDate "2014.11.20"]
[SourceVersion "1"]
[SourceVersionDate "2014.11.20"]
[SourceQuality "1"]
[WhiteTeam "Udlice (U20)"]
[BlackTeam "Brno Lokomotiva (U20)"]
[WhiteTeamCountry "CZE"]
[BlackTeamCountry "CZE"]

1. e4 c5 2. Nf3 e6 3. d4 cxd4 4. Nxd4 a6 5. Nc3 Qc7 6. g3 b5 7. a3 Bb7 8. Bg2 Nf6 9. 0-0 d6 10. Nb3 Nbd7 11. Bf4 h6 12. Qd2 g5 13. Be3 g4 14. Rad1 h5 15. Bf4 e5 16. Bg5 Rc8 17. Rfe1 Rg8 18. Bh4 Rg6 19. Qd3 Nh7 20. Re2 Ndf6 21. Ree1 Bc6 22. Kh1 Bd7 23. Kg1 Be6 24. Rc1 Bc4 25. Qd1 Be6 26. Qd3 Ng5 27. Bxg5 Rxg5 28. Rcd1 Rg6 29. Nd5 Bxd5 30. exd5 Qxc2 31. Qxc2 Rxc2 32. Rb1 Bh6 33. Na5 Rd2 34. Red1 Rxd1+ 35. Rxd1 Kd7 36. Nc6 Rg8 37. Nb4 a5 38. Nc6 a4 39. Bf1 Nxd5 40. Bxb5 1/2-1/2

[Event "CZE-chTA U20 1213"]
[Site "Czech Republic"]
[Date "2013.04.13"]
[Round "9.6"]
[White "Horak, Martin"]
[Black "Foucek, Simon"]
[Result "1-0"]
[WhiteElo "1802"]
[BlackElo "1575"]
[PlyCount "73"]
[EventDate "2012.10.06"]
[EventType "team-tourn"]
[EventRounds "11"]
[EventCountry "CZE"]
[SourceTitle "EXT 2015"]
[Source "ChessBase"]
[SourceDate "2014.11.20"]
[SourceVersion "1"]
[SourceVersionDate "2014.11.20"]
[SourceQuality "1"]
[WhiteTeam "Vlasim (U20)"]
[BlackTeam "Brno Lokomotiva (U20)"]
[WhiteTeamCountry "CZE"]
[BlackTeamCountry "CZE"]

1. e4 c5 2. Nf3 e6 3. d4 cxd4 4. Nxd4 a6 5. Nc3 Qc7 6. Bd3 Nf6 7. Qe2 d6 8. Be3 Nbd7 9. f4 b5 10. a3 Bb7 11. g4 Nc5 12. Bf2 h6 13. 0-0-0 Be7 14. h4 Nfd7 15. g5 h5 16. Rhg1 Rc8 17. g6 f6 18. Kb1 Nf8 19. Bg3 Rh6 20. e5 Nxd3 21. Rxd3 dxe5 22. fxe5 f5 23. Bf4 Rh8 24. Bg5 Bc5 25. Rgd1 Be7 26. Qd2 Bxg5 27. Qxg5 Qe7 28. Qg3 Rh6 29. Ndxb5 axb5 30. Nxb5 Bd5 31. Nd6+ Kd7 32. c4 Rxg6 33. Qe1 Rc5 34. Qb4 Kc6 35. Qa4+ Kc7 36. Qa7+ Kd8 37. Qxc5 1-0

[Event "CZE-chTE U20 1213"]
[Site "Czech Republic"]
[Date "2012.11.21"]
[Round "5.5"]
[White "Kanakova, Natalie"]
[Black "Foucek, Simon"]
[Result "1-0"]
[WhiteElo "1654"]
[BlackElo "1575"]
[PlyCount "69"]
[EventDate "2012.10.06"]
[EventType "team-tourn"]
[EventRounds "11"]
[EventCountry "CZE"]
[SourceTitle "EXT 2015"]
[Source "ChessBase"]
[SourceDate "2014.11.20"]
[SourceVersion "1"]
[SourceVersionDate "2014.11.20"]
[SourceQuality "1"]
[WhiteTeam "Frydek Mistek (U20)"]
[BlackTeam "Brno Lokomotiva (U20)"]
[WhiteTeamCountry "CZE"]
[BlackTeamCountry "CZE"]

1. e4 c5 2. Nf3 e6 3. d4 cxd4 4. Nxd4 a6 5. Nc3 Qc7 6. Bd3 Nf6 7. 0-0 Bc5 8. Nb3 Be7 9. f4 d6 10. Be3 Nbd7 11. a4 b6 12. Qe2 Bb7 13. Rad1 h5 14. h3 h4 15. Bf2 Rh6 16. Rfe1 Nb8 17. Be3 Rh8 18. Qf2 Nfd7 19. e5 dxe5 20. fxe5 Nc6 21. Be4 Rh5 22. Bxc6 Bxc6 23. Bd4 Rf5 24. Qe2 Rg5 25. Ne4 Rg6 26. Qf3 Qb7 27. Nbd2 Rc8 28. Re2 Bd5 29. c4 Bxe4 30. Nxe4 Qc6 31. b3 Bc5 32. Bxc5 bxc5 33. Nd6+ Kd8 34. Qxf7 Nxe5 35. Nb7# 1-0

[Event "CZE-chTE U20 1213"]
[Site "Czech Republic"]
[Date "2012.10.06"]
[Round "1.6"]
[White "Reznicek, Dominik"]
[Black "Foucek, Simon"]
[Result "1/2-1/2"]
[WhiteElo "1660"]
[BlackElo "1575"]
[PlyCount "85"]
[EventDate "2012.10.06"]
[EventType "team-tourn"]
[EventRounds "11"]
[EventCountry "CZE"]
[SourceTitle "EXT 2015"]
[Source "ChessBase"]
[SourceDate "2014.11.20"]
[SourceVersion "1"]
[SourceVersionDate "2014.11.20"]
[SourceQuality "1"]
[WhiteTeam "Polabiny (U20) II"]
[BlackTeam "Brno Lokomotiva (U20)"]
[WhiteTeamCountry "CZE"]
[BlackTeamCountry "CZE"]

1. e4 c5 2. c3 d5 3. exd5 Qxd5 4. d4 Nc6 5. Be3 e6 6. Nf3 cxd4 7. Nxd4 Nxd4 8. Qxd4 Nf6 9. Nd2 Bd7 10. Nf3 Be7 11. Bc4 Qxd4 12. Bxd4 0-0 13. Ne5 Rfd8 14. Rd1 Bc6 15. Nxc6 bxc6 16. Bxf6 Rxd1+ 17. Kxd1 Bxf6 18. Kc2 Rd8 19. Rd1 Rxd1 20. Kxd1 Kf8 21. Kc2 Ke7 22. b4 Be5 23. h3 Bc7 24. Bd3 Bb6 25. f3 g6 26. a4 a5 27. Kb3 Kd6 28. Kc4 h6 29. Bc2 f5 30. Bd3 Bc7 31. Kb3 Bb6 32. Be2 Bc7 33. g4 fxg4 34. fxg4 g5 35. Bf3 Bb6 36. Kc4 Bc7 37. Kd4 Bb6+ 38. Kc4 Bc7 39. Be4 Bb6 40. Bh7 Bc7 41. Bg8 Bb6 42. Bf7 Bc7 43. Bg8 1/2-1/2